01322nam a2200253 a 450000100100000000500170001000800410002704000250006808200180009310000360011124501860014726000340033330000210036750000730038859000760046159000260053765100500056365100530061370000960066671000630076291000370082595201890086299900170105100003522220200930074203.0111026s1966 ag 000 0 spa d aDO-SdBNPbspacBNPHU a320.98bG463i1 aGil, Federico Guillermo,96097310aInstituciones y desarrollo político de América Latina /cFederico G. Gil ; con un estudio de Gustavo Lagos sobre "Factores externos e internos en la política latinoamericana". aBuenos Aires :bINTAL,c1966. a201 p. ;c23 cm. aIncluye referencias bibliográficas y notas al pie de las páginas aPerteneció a la biblioteca personal de Juan Isidro Jimenes Grullón. aInventariado, 2018/LP 4aAmérica LatinaxPolítica Y Gobierno92618 4aAmérica LatinaxHistoria Constitucional91046712aLagos Matus, Gustavo.tFactores externos e internos en la política latinoamericana96097412aInstituto para la integración de América Latina932039 aValidado. Control de calidad MFF 001050718RVaGRbGRcHDd2011-10-26iLF1l0o320.98 G463ip35222-10r2020-06-25w2020-06-25y1zPerteneció a la biblioteca personal de Juan Isidro Jimenes Grullón.ZNo se presta c34713d34713